000
00359nam a2200145Ia 4500
008
231129s1991||||xx |||||||||||||| ||spa||
020
_a
958-90-33 (v.
040
_b
spa
082
_a
468 P438e
100
_a
Perez Mesa Mario E
245
0
_a
EspaƱol activo
260
_c
1991
264
_a
Codecal
942
_2
ddc
_c
BKS
999
_c
13427
_d
13427